LEADER 01647nam0 2200325 4500 001 000032060 005 20181121142905.0 010 $a88-348-3205-1 100 $a20181121d2003----km-y0itay50------ba 101 0 $aita 102 $aIT 105 $ay-------001yy 200 1 $a<>diritto alla salute alle soglie del terzo millennio: profili di ordine etico, giuridico ed economico$eatti del Convegno svoltosi sul Belvedere di San Leucio (Caserta), nei giorni 23 e 24 marzo 2001$fa cura di Lorenzo Chieffi 210 $aTorino$cG. Giappichelli$d2003 215 $a211 p.$d24 cm 225 2 $aMateriali e studi di diritto pubblico$v5 300 $aIn testa al frontespizio: Seconda Università degli studi di Napoli, Dipartimento di discipline giuspubblicistiche italiane, europee e comparate, Dottorato di ricerca in diritto pubblico interno e comunitario. 312 $aTitolo sul dorso 410 0$12001$aMateriali e studi di diritto pubblico$v5 517 1 $a<>diritto alla salute alle soglie del terzo millennio. 610 1 $aAssistenza sanitaria$aCongressi 610 1 $aSalute$aTutela giuridica$aCongressi 676 $a344.450419$v19$9Legislazione sanitaria. italia. Problemi specifici nella professione medica 676 $a362.1$9Problemi e servizi di assistenza sociale. Malattie fisiche$v21 700 1$aChieffi,$bLorenzo$062684 801 0$aIT$bUNIPARTHENOPE$c20181121$gRICA$2UNIMARC 912 $a000032060 951 $aFac. Giur. 344-D/1$bFac. Giur. 723$cNAVA1$d2018 996 $aDiritto alla salute alle soglie del terzo millennio: profili di ordine etico, giuridico ed economico$91537969 997 $aUNIPARTHENOPE